[Event "HUN-chT 1718"]
[Site "Hungary"]
[Date "2018.05.05"]
[Round "8.12"]
[White "Medvegy, Nora"]
[Black "Havanecz, Bianka"]
[Result "1-0"]
[WhiteElo "2357"]
[BlackElo "2199"]
[PlyCount "47"]
[EventDate "2017.11.25"]
[EventType "team-tourn"]
[EventRounds "9"]
[EventCountry "HUN"]
[SourceTitle "EXT 2019"]
[Source "ChessBase"]
[SourceDate "2018.10.10"]
[SourceVersion "1"]
[SourceVersionDate "2018.10.10"]
[SourceQuality "1"]
[WhiteTeam "DVTK"]
[BlackTeam "Kobanya Aquarena"]
[WhiteTeamCountry "HUN"]
[BlackTeamCountry "HUN"]

1. e4 e5 2. Nf3 Nc6 3. Nc3 g6 4. d4 exd4 5. Nxd4 Bg7 6. Be3 Nge7 7. Qd2 0-0 8. 0-0-0 d6 9. h4 h5 10. f3 Ne5 11. Be2 a5 12. g4 hxg4 13. f4 N5c6 14. h5 Nxd4 15. Bxd4 Nc6 16. Bxg7 Kxg7 17. hxg6 fxg6 18. Nd5 Rg8 19. Qc3+ Kf8 20. Nf6 Be6 21. Nxg8 Bxg8 22. Rh8 Nb4 23. Bc4 d5 24. Rxd5 1-0

[Event "HUN-chT 1617"]
[Site "Hungary"]
[Date "2017.04.08"]
[Round "8.11"]
[White "Vegh, Endre"]
[Black "Medvegy, Nora"]
[Result "1-0"]
[WhiteElo "2244"]
[BlackElo "2361"]
[PlyCount "65"]
[EventDate "2016.10.30"]
[EventType "team-tourn"]
[EventRounds "9"]
[EventCountry "HUN"]
[SourceTitle "EXT 2018"]
[Source "ChessBase"]
[SourceDate "2017.10.13"]
[SourceVersion "1"]
[SourceVersionDate "2017.10.13"]
[SourceQuality "1"]
[WhiteTeam "Dunaharaszti"]
[BlackTeam "DVTK"]
[WhiteTeamCountry "HUN"]
[BlackTeamCountry "HUN"]

1. d4 Nf6 2. c4 e6 3. Nc3 Bb4 4. Qc2 0-0 5. Nf3 c5 6. dxc5 Na6 7. g3 Nxc5 8. Bg2 Nce4 9. 0-0 Nxc3 10. bxc3 Be7 11. e4 d6 12. e5 Ne8 13. Rd1 Qa5 14. Qe2 dxe5 15. Nxe5 Nd6 16. a4 f6 17. Ba3 Qc7 18. c5 Nf7 19. Nd3 Re8 20. Qe3 Rb8 21. Nf4 Ne5 22. Bh3 Bf8 23. Bf1 Bd7 24. Rd4 Bc6 25. Be2 Kh8 26. Nd3 Nxd3 27. Bxd3 e5 28. Rh4 e4 29. Bc2 f5 30. Rd1 Be7 31. Rh5 g6 32. Qd4+ Kg8 33. Bb3+ 1-0

[Event "HUN-chT 1415"]
[Site "Hungary"]
[Date "2015.03.01"]
[Round "7.2"]
[White "Lizak, Peter"]
[Black "Medvegy, Nora"]
[Result "1/2-1/2"]
[WhiteElo "2408"]
[BlackElo "2350"]
[PlyCount "93"]
[EventDate "2014.10.12"]
[EventType "team-tourn"]
[EventRounds "9"]
[EventCountry "HUN"]
[SourceTitle "EXT 2016"]
[Source "ChessBase"]
[SourceDate "2015.10.08"]
[SourceVersion "1"]
[SourceVersionDate "2015.10.08"]
[SourceQuality "1"]
[WhiteTeam "Paks"]
[BlackTeam "MLTC"]
[WhiteTeamCountry "HUN"]
[BlackTeamCountry "HUN"]

1. d4 Nf6 2. Bg5 d5 3. e3 Nbd7 4. Nf3 Ne4 5. Bf4 e6 6. Bd3 Be7 7. h4 h6 8. Bxe4 dxe4 9. Nfd2 f5 10. Qh5+ Kf8 11. Nc3 Nf6 12. Qe2 Nd5 13. Nc4 Bd7 14. Nxd5 exd5 15. Ne5 Be8 16. g4 Bxh4 17. gxf5 Bf6 18. 0-0-0 Qc8 19. Ng4 h5 20. Rdg1 Rh7 21. Qd2 Bd8 22. Ne5 Kg8 23. Qb4 a5 24. Qc5 c6 25. Bg5 Qxf5 26. Bxd8 Rxd8 27. Qe7 Rb8 28. Rh2 Qf8 29. Qc7 Ra8 30. Qxb7 Rd8 31. Qc7 Rd6 32. Qxa5 Rf6 33. Qd8 g6 34. Rhg2 Rg7 35. a4 Kh7 36. a5 Rxf2 37. Rxf2 Qxf2 38. Qg5 Qf8 39. c3 c5 40. Qd8 Qf2 41. Qg5 Rb7 42. b4 Qa2 43. dxc5 Qa1+ 44. Kc2 Qa2+ 45. Kc1 Qa1+ 46. Kc2 Qa2+ 47. Kc1 1/2-1/2

[Event "HUN-chT 1314"]
[Site "Hungary"]
[Date "2014.04.13"]
[Round "8"]
[White "Korpa, Bence"]
[Black "Medvegy, Nora"]
[Result "0-1"]
[WhiteElo "2351"]
[BlackElo "2346"]
[PlyCount "68"]
[EventDate "2013.09.08"]
[EventType "team-tourn"]
[EventRounds "9"]
[EventCountry "HUN"]
[SourceTitle "EXT 2015"]
[Source "ChessBase"]
[SourceDate "2014.11.20"]
[SourceVersion "1"]
[SourceVersionDate "2014.11.20"]
[SourceQuality "1"]
[WhiteTeam "Penzugyor"]
[BlackTeam "MLTC"]
[WhiteTeamCountry "HUN"]
[BlackTeamCountry "HUN"]

1. e4 c5 2. Nf3 e6 3. d4 cxd4 4. Nxd4 a6 5. c4 Nf6 6. Nc3 Qc7 7. Be2 b6 8. 0-0 Bb7 9. Qd3 d6 10. f4 Nbd7 11. Bf3 Rc8 12. Be3 Qxc4 13. Qd2 Qc7 14. Rac1 Qb8 15. g4 Nc5 16. e5 Bxf3 17. Nxf3 Nxg4 18. Bxc5 dxc5 19. f5 c4 20. Kh1 Be7 21. Qg2 exf5 22. h3 h5 23. Nd4 g6 24. Nd5 Bc5 25. Nf3 Rd8 26. Ng5 Kf8 27. e6 Rxd5 28. Nxf7 Rh7 29. Ng5 Rh6 30. Nf7 Ne3 31. Qg5 Rh7 32. Qf6 Be7 33. Qxg6 Rd2 34. Ne5 Qxe5 0-1

[Event "HUN-chT 1112"]
[Site "Hungary"]
[Date "2012.05.06"]
[Round "10"]
[White "Kis, Bela"]
[Black "Medvegy, Nora"]
[Result "0-1"]
[WhiteElo "2063"]
[BlackElo "2333"]
[PlyCount "80"]
[EventDate "2011.09.25"]
[EventType "team-tourn"]
[EventRounds "11"]
[EventCountry "HUN"]
[SourceTitle "EXT 2013"]
[Source "ChessBase"]
[SourceDate "2012.11.22"]
[SourceVersion "1"]
[SourceVersionDate "2012.11.22"]
[SourceQuality "1"]
[WhiteTeam "Vasas"]
[BlackTeam "MLTC"]
[WhiteTeamCountry "HUN"]
[BlackTeamCountry "HUN"]

1. e4 c5 2. d4 cxd4 3. c3 dxc3 4. Nxc3 Nc6 5. Nf3 d6 6. Bc4 e6 7. 0-0 Be7 8. Qe2 Nf6 9. Rd1 e5 10. h3 0-0 11. b3 a6 12. a4 Be6 13. Ba3 Rc8 14. Nd5 Bxd5 15. exd5 Na5 16. Nxe5 Re8 17. Nf3 Nd7 18. Rab1 Bf6 19. Qf1 Nxc4 20. bxc4 Nb6 21. c5 dxc5 22. a5 Na4 23. Rxb7 Nc3 24. d6 Rc6 25. d7 Rf8 26. Re1 Nb5 27. Bc1 Rd6 28. Qc4 Qa8 29. Rb6 Rxd7 30. Rxf6 Re8 31. Qf4 Rxe1+ 32. Nxe1 Qe8 33. Be3 h5 34. Qg3 Rd1 35. Kf1 Nd4 36. Qd6 Qb5+ 37. Kg1 Ne2+ 38. Kh2 Rxd6 39. Rxd6 Qxa5 40. Nd3 c4 0-1

[Event "HUN-chT 1112"]
[Site "Hungary"]
[Date "2012.03.25"]
[Round "8"]
[White "Medvegy, Nora"]
[Black "Jamrich, Gyorgy"]
[Result "1/2-1/2"]
[WhiteElo "2333"]
[BlackElo "2311"]
[PlyCount "59"]
[EventDate "2011.09.25"]
[EventType "team-tourn"]
[EventRounds "11"]
[EventCountry "HUN"]
[SourceTitle "EXT 2013"]
[Source "ChessBase"]
[SourceDate "2012.11.22"]
[SourceVersion "1"]
[SourceVersionDate "2012.11.22"]
[SourceQuality "1"]
[WhiteTeam "MLTC"]
[BlackTeam "Tatai Honved"]
[WhiteTeamCountry "HUN"]
[BlackTeamCountry "HUN"]

1. e4 c5 2. Nf3 Nc6 3. d4 cxd4 4. Nxd4 e5 5. Nb5 d6 6. c4 a6 7. N5c3 Be7 8. Nd5 Be6 9. Nbc3 Rc8 10. Be3 Bg5 11. Bb6 Qd7 12. Be2 Nf6 13. 0-0 0-0 14. Qd3 Ne7 15. Rad1 Nfxd5 16. cxd5 Bg4 17. f3 Bh5 18. g3 f6 19. f4 Bxe2 20. Qxe2 Bh6 21. fxe5 fxe5 22. Kg2 Ng6 23. Rxf8+ Rxf8 24. Rf1 Rxf1 25. Kxf1 Bc1 26. Ke1 Nf8 27. Kd1 Bg5 28. a4 Qh3 29. Kc2 Nd7 30. Bg1 1/2-1/2

[Event "HUN-chT 1112"]
[Site "Hungary"]
[Date "2012.02.19"]
[Round "6"]
[White "Medvegy, Nora"]
[Black "Gyorkos, Lajos"]
[Result "1/2-1/2"]
[WhiteElo "2333"]
[BlackElo "2395"]
[PlyCount "43"]
[EventDate "2011.09.25"]
[EventType "team-tourn"]
[EventRounds "11"]
[EventCountry "HUN"]
[SourceTitle "EXT 2013"]
[Source "ChessBase"]
[SourceDate "2012.11.22"]
[SourceVersion "1"]
[SourceVersionDate "2012.11.22"]
[SourceQuality "1"]
[WhiteTeam "MLTC"]
[BlackTeam "Paks"]
[WhiteTeamCountry "HUN"]
[BlackTeamCountry "HUN"]

1. e4 c5 2. Nf3 d6 3. d4 cxd4 4. Nxd4 Nf6 5. Nc3 a6 6. h3 e5 7. Nde2 Be6 8. g4 Nc6 9. Bg2 Be7 10. Ng3 g6 11. Nd5 Bxd5 12. exd5 Nb8 13. Be3 Nbd7 14. Qd2 a5 15. Bf1 a4 16. Bb5 Qa5 17. c4 Bd8 18. Ke2 Qxd2+ 19. Bxd2 Ke7 20. b4 axb3 21. axb3 Bb6 22. g5 1/2-1/2

[Event "HUN-chT 1011"]
[Site "Hungary"]
[Date "2011.05.01"]
[Round "10"]
[White "Csonka, Attila Istvan"]
[Black "Medvegy, Nora"]
[Result "1/2-1/2"]
[WhiteElo "2378"]
[BlackElo "2336"]
[PlyCount "66"]
[EventDate "2010.10.10"]
[EventType "team-tourn"]
[EventRounds "11"]
[EventCountry "HUN"]
[SourceTitle "EXT 2012"]
[Source "ChessBase"]
[SourceDate "2011.11.24"]
[SourceVersion "1"]
[SourceVersionDate "2011.11.24"]
[SourceQuality "1"]
[WhiteTeam "Haladas"]
[BlackTeam "MLTC"]
[WhiteTeamCountry "HUN"]
[BlackTeamCountry "HUN"]

1. e4 c5 2. Nf3 e6 3. d4 cxd4 4. Nxd4 Nf6 5. Nc3 Nc6 6. Ndb5 d6 7. Bf4 e5 8. Bg5 a6 9. Na3 b5 10. Nd5 Be7 11. Bxf6 Bxf6 12. c4 b4 13. Nc2 0-0 14. Be2 Bg5 15. 0-0 a5 16. b3 Be6 17. Bg4 Ra7 18. Qf3 Bxd5 19. cxd5 Nb8 20. Ne3 Bxe3 21. Qxe3 Rc7 22. Rac1 Na6 23. Rxc7 Qxc7 24. h4 Nc5 25. Rc1 Qe7 26. g3 Rb8 27. Rc4 Re8 28. Qd2 Qa7 29. Kg2 Qc7 30. Qe3 Qe7 31. Qd2 Qa7 32. Qe3 Qe7 33. Qd2 Qa7 1/2-1/2

[Event "HUN-chT 1011"]
[Site "Hungary"]
[Date "2011.04.10"]
[Round "8"]
[White "Videki, Sandor"]
[Black "Medvegy, Nora"]
[Result "1-0"]
[WhiteElo "2441"]
[BlackElo "2336"]
[PlyCount "61"]
[EventDate "2010.10.10"]
[EventType "team-tourn"]
[EventRounds "11"]
[EventCountry "HUN"]
[SourceTitle "EXT 2012"]
[Source "ChessBase"]
[SourceDate "2011.11.24"]
[SourceVersion "1"]
[SourceVersionDate "2011.11.24"]
[SourceQuality "1"]
[WhiteTeam "Paks"]
[BlackTeam "MLTC"]
[WhiteTeamCountry "HUN"]
[BlackTeamCountry "HUN"]

1. c4 e5 2. g3 c6 3. d4 Bb4+ 4. Bd2 Bxd2+ 5. Qxd2 d6 6. Nc3 Nf6 7. Bg2 Qe7 8. e3 0-0 9. Nge2 Nbd7 10. h3 Re8 11. 0-0 Nb6 12. b3 a5 13. g4 a4 14. Rae1 h6 15. Ng3 Nh7 16. f4 axb3 17. axb3 exf4 18. exf4 Qf8 19. Rxe8 Qxe8 20. c5 dxc5 21. dxc5 Nd7 22. Re1 Qf8 23. b4 Ra3 24. Nf5 Ndf6 25. Nd6 Qd8 26. g5 hxg5 27. fxg5 Nxg5 28. Qxg5 Rxc3 29. Re8+ Qxe8 30. Nxe8 Nxe8 31. Qd8 1-0

[Event "HUN-chT 1011"]
[Site "Hungary"]
[Date "2011.03.27"]
[Round "7"]
[White "Kaposztas, Miklos"]
[Black "Medvegy, Nora"]
[Result "1/2-1/2"]
[WhiteElo "2258"]
[BlackElo "2336"]
[PlyCount "86"]
[EventDate "2010.10.10"]
[EventType "team-tourn"]
[EventRounds "11"]
[EventCountry "HUN"]
[SourceTitle "EXT 2012"]
[Source "ChessBase"]
[SourceDate "2011.11.24"]
[SourceVersion "1"]
[SourceVersionDate "2011.11.24"]
[SourceQuality "1"]
[WhiteTeam "Vasas"]
[BlackTeam "MLTC"]
[WhiteTeamCountry "HUN"]
[BlackTeamCountry "HUN"]

1. d4 Nf6 2. c4 e6 3. Nc3 Bb4 4. Qc2 0-0 5. a3 Bxc3+ 6. Qxc3 b6 7. Nf3 Bb7 8. g3 d5 9. Bg2 Nbd7 10. Bg5 c5 11. cxd5 Bxd5 12. Bxf6 Qxf6 13. 0-0 Rac8 14. Rfd1 Rfd8 15. Qe3 h6 16. Ne1 Nf8 17. dxc5 Rxc5 18. Rd2 Bxg2 19. Kxg2 Rxd2 20. Qxd2 Rd5 21. Qc2 Rc5 22. Qd2 Qe5 23. Rd1 Rd5 24. Nd3 Qd6 25. Qc2 Nd7 26. f3 Nc5 27. Nf2 Rxd1 28. Nxd1 a5 29. Nc3 Qd4 30. Nd1 g6 31. Nf2 h5 32. h4 Kg7 33. Nd1 Kf8 34. Nc3 Kg7 35. Nb5 Qd5 36. Qc3+ Kg8 37. Qc2 e5 38. b4 axb4 39. axb4 Ne6 40. Nc7 Nxc7 41. Qxc7 Qd4 42. Qe7 Kg7 43. Kf1 Qd1+ 1/2-1/2

[Event "HUN-chT 1011"]
[Site "Hungary"]
[Date "2010.11.20"]
[Round "3"]
[White "Schneider, Veronika"]
[Black "Medvegy, Nora"]
[Result "1/2-1/2"]
[WhiteElo "2251"]
[BlackElo "2336"]
[PlyCount "115"]
[EventDate "2010.10.10"]
[EventType "team-tourn"]
[EventRounds "11"]
[EventCountry "HUN"]
[SourceTitle "EXT 2012"]
[Source "ChessBase"]
[SourceDate "2011.11.24"]
[SourceVersion "1"]
[SourceVersionDate "2011.11.24"]
[SourceQuality "1"]
[WhiteTeam "Kazincbarcika"]
[BlackTeam "MLTC"]
[WhiteTeamCountry "HUN"]
[BlackTeamCountry "HUN"]

1. e4 c5 2. Nf3 e6 3. c3 Nf6 4. e5 Nd5 5. Bc4 d6 6. d4 Nc6 7. 0-0 Nb6 8. Bd3 cxd4 9. cxd4 Nb4 10. Be4 d5 11. Bc2 Nxc2 12. Qxc2 Bd7 13. Bg5 f6 14. exf6 gxf6 15. Bf4 Rc8 16. Qe2 Bg7 17. a4 0-0 18. b3 Rc6 19. Na3 Qe7 20. Qd2 Nc8 21. a5 Nd6 22. Qb4 Kf7 23. Rac1 Rfc8 24. Nb1 Rxc1 25. Rxc1 Rxc1+ 26. Bxc1 Nb5 27. Qd2 Qd8 28. Qf4 Kg8 29. Na3 Qc7 30. Nxb5 Qxf4 31. Bxf4 Bxb5 32. g4 Be2 33. Kg2 e5 34. dxe5 Bxf3+ 35. Kxf3 fxe5 36. Bd2 Kf7 37. h4 Ke6 38. Ke3 Bf6 39. g5 Be7 40. b4 Kf5 41. f3 a6 42. Kd3 Bf8 43. Ke2 Bd6 44. Kd3 e4+ 45. fxe4+ dxe4+ 46. Kd4 Bf4 47. Be3 Bd6 48. Bd2 Bg3 49. h5 Bf2+ 50. Kd5 e3 51. Bxe3 Bxe3 52. g6 hxg6 53. hxg6 Kxg6 54. Kd6 Bf4+ 55. Kd7 Bd2 56. Kc7 Bxb4 57. Kxb7 Bxa5 58. Kxa6 1/2-1/2

[Event "HUN-chT 1011"]
[Site "Hungary"]
[Date "2010.10.10"]
[Round "1"]
[White "Csonka, Balazs"]
[Black "Medvegy, Nora"]
[Result "1/2-1/2"]
[WhiteElo "2263"]
[BlackElo "2336"]
[PlyCount "82"]
[EventDate "2010.10.10"]
[EventType "team-tourn"]
[EventRounds "11"]
[EventCountry "HUN"]
[SourceTitle "EXT 2012"]
[Source "ChessBase"]
[SourceDate "2011.11.24"]
[SourceVersion "1"]
[SourceVersionDate "2011.11.24"]
[SourceQuality "1"]
[WhiteTeam "Mako"]
[BlackTeam "MLTC"]
[WhiteTeamCountry "HUN"]
[BlackTeamCountry "HUN"]

1. d4 Nf6 2. c4 e6 3. Nc3 Bb4 4. Qc2 0-0 5. Nf3 c5 6. dxc5 Na6 7. g3 Nxc5 8. Bg2 Nce4 9. 0-0 Nxc3 10. bxc3 Be7 11. e4 d6 12. e5 dxe5 13. Nxe5 Qc7 14. Qe2 Nd7 15. Bf4 Nxe5 16. Bxe5 Bd6 17. Bxd6 Qxd6 18. Rab1 Rb8 19. Rfd1 Qc7 20. Qd3 b6 21. Qd6 Qxd6 22. Rxd6 Bb7 23. Rd7 Bxg2 24. Kxg2 a5 25. c5 bxc5 26. Rxb8 Rxb8 27. Rc7 g6 28. Rxc5 a4 29. Rc4 Ra8 30. Rc7 Rb8 31. Ra7 Rc8 32. Rxa4 Rxc3 33. Ra8+ Kg7 34. h4 h5 35. a4 Ra3 36. a5 Kf6 37. a6 Kf5 38. f3 Ra2+ 39. Kh3 Ra3 40. Kg2 Ra2+ 41. Kh3 Ra3 1/2-1/2

[Event "Arctic Chess Challenge"]
[Site "Tromsoe"]
[Date "2010.08.06"]
[Round "7"]
[White "Medvegy, Nora"]
[Black "Kvisla, Johannes Luangtep"]
[Result "1-0"]
[WhiteElo "2343"]
[BlackElo "2163"]
[PlyCount "99"]
[EventDate "2010.07.31"]
[EventType "swiss"]
[EventRounds "9"]
[EventCountry "NOR"]
[SourceTitle "CBM 137 Extra"]
[Source "ChessBase"]
[SourceDate "2010.09.01"]
[SourceVersion "1"]
[SourceVersionDate "2010.09.01"]
[SourceQuality "1"]

1. e4 e6 2. d4 d5 3. Nd2 c5 4. exd5 Qxd5 5. dxc5 Bxc5 6. Ngf3 Nf6 7. Bc4 Qh5 8. Nb3 Be7 9. Qe2 0-0 10. h3 Nc6 11. Bd2 e5 12. 0-0-0 e4 13. Nfd4 Qxe2 14. Bxe2 Bd7 15. Nxc6 Bxc6 16. Nd4 Bc5 17. Nxc6 bxc6 18. Rhf1 Nd5 19. c4 Nb6 20. Kc2 f5 21. b4 Be7 22. c5 Nd5 23. Bc4 a5 24. b5 Kh8 25. Bxd5 cxd5 26. Be3 f4 27. Bd4 a4 28. c6 a3 29. Bc3 Rfd8 30. b6 Rac8 31. c7 Rd7 32. b7 Rdxc7 33. bxc8Q+ Rxc8 34. Kb3 Rb8+ 35. Ka4 Ra8+ 36. Kb5 Rb8+ 37. Kc6 Bh4 38. Kxd5 e3 39. fxe3 fxe3 40. Rb1 Rd8+ 41. Ke4 e2 42. Rfc1 Re8+ 43. Kf3 h6 44. Be1 Rf8+ 45. Kxe2 Re8+ 46. Kd3 Rd8+ 47. Kc2 Bg5 48. Rd1 Rc8+ 49. Kb3 Rb8+ 50. Kxa3 1-0

[Event "Arctic Chess Challenge"]
[Site "Tromsoe"]
[Date "2010.08.01"]
[Round "2"]
[White "Medvegy, Nora"]
[Black "Malakhatko, Vadim"]
[Result "1/2-1/2"]
[WhiteElo "2343"]
[BlackElo "2576"]
[PlyCount "61"]
[EventDate "2010.07.31"]
[EventType "swiss"]
[EventRounds "9"]
[EventCountry "NOR"]
[SourceTitle "CBM 137 Extra"]
[Source "ChessBase"]
[SourceDate "2010.09.01"]
[SourceVersion "1"]
[SourceVersionDate "2010.09.01"]
[SourceQuality "1"]

1. e4 e6 2. d4 d5 3. Nd2 c5 4. exd5 Qxd5 5. dxc5 Bxc5 6. Ngf3 Nf6 7. Bc4 Qc6 8. 0-0 Nbd7 9. Qe2 0-0 10. Nb3 b6 11. Nxc5 Qxc5 12. b3 Bb7 13. Bb2 a6 14. a4 Qc6 15. Rfd1 Rfc8 16. h3 Nf8 17. Qf1 Ne4 18. Ne5 Qc7 19. Qe2 Rd8 20. Rxd8 Rxd8 21. Rd1 Rxd1+ 22. Qxd1 f6 23. Nf3 Nd6 24. Be2 Qc6 25. Ba3 Nf7 26. Qd3 Ng6 27. Qc4 Qd7 28. Qd4 Qc6 29. Qc4 Qd7 30. Qd4 Qc6 31. Qc4 1/2-1/2

[Event "HUN-chT 0910"]
[Site "Hungary"]
[Date "2010.02.28"]
[Round "7"]
[White "Medvegy, Nora"]
[Black "Meszaros, Tamas"]
[Result "0-1"]
[WhiteElo "2344"]
[BlackElo "2434"]
[PlyCount "98"]
[EventDate "2009.11.08"]
[EventType "team-tourn"]
[EventRounds "11"]
[EventCountry "HUN"]
[SourceTitle "EXT 2011"]
[Source "ChessBase"]
[SourceDate "2010.11.26"]
[SourceVersion "1"]
[SourceVersionDate "2010.11.26"]
[SourceQuality "1"]
[WhiteTeam "MLTC"]
[BlackTeam "Csuti"]
[WhiteTeamCountry "HUN"]
[BlackTeamCountry "HUN"]

1. e4 e5 2. Nf3 Nc6 3. d4 exd4 4. Nxd4 Nf6 5. Nc3 Bb4 6. Nxc6 bxc6 7. Bd3 0-0 8. 0-0 d5 9. exd5 cxd5 10. Bg5 c6 11. Qf3 Bd6 12. h3 Be5 13. Rfe1 Qd6 14. Rad1 Bd7 15. Na4 Rfe8 16. c4 c5 17. Nc3 d4 18. Bxf6 Qxf6 19. Qxf6 Bxf6 20. Nd5 Be5 21. Re2 Bd6 22. Rde1 Re6 23. Kf1 Rae8 24. Be4 f5 25. Bd3 Kf7 26. Rd1 g5 27. Rde1 Rg8 28. g4 fxg4 29. hxg4 Rxe2 30. Bxe2 Rb8 31. b3 a5 32. Rd1 a4 33. Rd3 axb3 34. axb3 Kg7 35. Kg2 h5 36. f3 h4 37. Bd1 Re8 38. b4 cxb4 39. Rxd4 Bc5 40. Rd3 Bc8 41. Kh3 Re1 42. f4 b3 43. Bxb3 Rh1+ 44. Kg2 Rg1+ 45. Kh2 Bxg4 46. fxg5 Bf5 47. Rd1 Rg3 48. Ba4 Ra3 49. Bc6 Ra2+ 0-1

[Event "HUN-chT 0910"]
[Site "Hungary"]
[Date "2009.12.20"]
[Round "4"]
[White "Restas, Peter"]
[Black "Medvegy, Nora"]
[Result "1/2-1/2"]
[WhiteElo "2266"]
[BlackElo "2344"]
[PlyCount "51"]
[EventDate "2009.11.08"]
[EventType "team-tourn"]
[EventRounds "11"]
[EventCountry "HUN"]
[SourceTitle "EXT 2011"]
[Source "ChessBase"]
[SourceDate "2010.11.26"]
[SourceVersion "1"]
[SourceVersionDate "2010.11.26"]
[SourceQuality "1"]
[WhiteTeam "Mako"]
[BlackTeam "MLTC"]
[WhiteTeamCountry "HUN"]
[BlackTeamCountry "HUN"]

1. d4 Nf6 2. g3 d5 3. Bg2 c6 4. f4 Bf5 5. Nf3 Nbd7 6. e3 e6 7. 0-0 Be7 8. Ne5 h5 9. Nd2 Ng4 10. Ndf3 Qc7 11. Nxd7 Qxd7 12. h3 Nf6 13. Ne5 Qc7 14. c4 Be4 15. c5 Bxg2 16. Kxg2 Ne4 17. b4 f5 18. h4 Bf6 19. Qa4 Bxe5 20. dxe5 Rh6 21. Bb2 Rg6 22. Rf3 Nd2 23. Rf2 Ne4 24. Rf3 Nd2 25. Rf2 Ne4 26. Rf3 1/2-1/2

[Event "HUN-chT 0910"]
[Site "Hungary"]
[Date "2009.11.08"]
[Round "1"]
[White "Medvegy, Nora"]
[Black "Videki, Sandor"]
[Result "1/2-1/2"]
[WhiteElo "2344"]
[BlackElo "2450"]
[PlyCount "166"]
[EventDate "2009.11.08"]
[EventType "team-tourn"]
[EventRounds "11"]
[EventCountry "HUN"]
[SourceTitle "EXT 2011"]
[Source "ChessBase"]
[SourceDate "2010.11.26"]
[SourceVersion "1"]
[SourceVersionDate "2010.11.26"]
[SourceQuality "1"]
[WhiteTeam "MLTC"]
[BlackTeam "Paks"]
[WhiteTeamCountry "HUN"]
[BlackTeamCountry "HUN"]

1. e4 c5 2. Nf3 Nc6 3. d4 cxd4 4. Nxd4 g6 5. Nc3 Bg7 6. Be3 Nf6 7. Bc4 0-0 8. Bb3 d6 9. f3 Bd7 10. Qd2 Nxd4 11. Bxd4 b5 12. a4 bxa4 13. Nxa4 Be6 14. Bxe6 fxe6 15. 0-0 Nd7 16. b3 Qb8 17. Nb2 Bxd4+ 18. Qxd4 Qb6 19. Rfd1 e5 20. Qf2 Rfc8 21. Nc4 Qxf2+ 22. Kxf2 Nb6 23. Nxb6 axb6 24. c4 Kf7 25. Kg3 Ke6 26. h4 h5 27. Rxa8 Rxa8 28. Rd5 Kf6 29. Rb5 Ra6 30. f4 exf4+ 31. Kxf4 e5+ 32. Kf3 Ke6 33. Rd5 Ra8 34. Rb5 Rb8 35. Ke3 Kd7 36. Rd5 Ra8 37. Rd3 Ra2 38. Kf3 Kc6 39. Rd5 Rb2 40. Rb5 Rd2 41. Kg3 Rd1 42. Kf2 Rh1 43. g3 Rh2+ 44. Ke3 Rg2 45. Kf3 Rc2 46. Rb4 Rc1 47. Ke3 Rc3+ 48. Kf2 Kc7 49. Rb5 Kb7 50. Rb4 Kc6 51. Rb5 Rd3 52. Rb4 Kc5 53. Rb5+ Kd4 54. Rxb6 Kxe4 55. b4 Rd2+ 56. Ke1 Ke3 57. Ra6 Rd3 58. c5 d5 59. c6 d4 60. Ra2 Rc3 61. Re2+ Kd3 62. Rxe5 Rxc6 63. b5 Rc1+ 64. Kf2 Rb1 65. Rg5 Kc2 66. Rxg6 d3 67. Rc6+ Kd1 68. b6 Rb4 69. Rc5 d2 70. Rxh5 Rxb6 71. Rd5 Rf6+ 72. Ke3 Ke1 73. g4 Rf2 74. h5 Rh2 75. Kf4 d1Q 76. Rxd1+ Kxd1 77. Kf5 Ke2 78. Kg6 Kf3 79. g5 Kg4 80. h6 Rh5 81. h7 Rxg5+ 82. Kf7 Rh5 83. Kg7 Rxh7+ 1/2-1/2

[Event "HUN-ch (Women) 57th"]
[Site "Eger"]
[Date "2009.08.28"]
[Round "8"]
[White "Gara, Ticia"]
[Black "Medvegy, Nora"]
[Result "1-0"]
[WhiteElo "2354"]
[BlackElo "2344"]
[PlyCount "59"]
[EventDate "2009.08.21"]
[EventType "tourn"]
[EventRounds "9"]
[EventCountry "HUN"]
[EventCategory "1"]
[SourceTitle "CBM 131 Extra"]
[Source "ChessBase"]
[SourceDate "2009.09.03"]
[SourceVersion "2"]
[SourceVersionDate "2009.09.16"]
[SourceQuality "1"]

1. e4 c5 2. Nf3 Nc6 3. d4 cxd4 4. Nxd4 Qc7 5. Nc3 e6 6. Be2 a6 7. 0-0 Nf6 8. Kh1 Nxd4 9. Qxd4 Bc5 10. Qd3 b5 11. f4 b4 12. e5 bxc3 13. exf6 gxf6 14. Qxc3 Bb7 15. Qxf6 Rg8 16. Bf3 Be7 17. Qe5 Qc4 18. Be3 Bxf3 19. Rxf3 Qxc2 20. Rf2 Qd3 21. Rd2 Qb5 22. Qe4 Rc8 23. Qxh7 Rg6 24. Qh8+ Bf8 25. Rad1 d6 26. Rxd6 Qe2 27. Rd8+ Rxd8 28. Rxd8+ Ke7 29. Qxf8+ Kf6 30. Bd4+ 1-0